MARC

LEADER 00000nam0a2200000 4500
001 353621
005 20260417120114.0
010 |b 200 экз. 
035 |a (RuTPU)RU\TPU\retro\10878 
090 |a 353621 
100 |a 20200525d1968 k y0rusy50 ca 
101 0 |a rus 
102 |a RU 
105 |a a z 001zy 
200 1 |a Методические указания по проектированию магнитных усилителей  |f Т. Ю. Алейникова, А. К. Майер, Е. И. Гольдштейн, А. П. Полищук  |g Томский политехнический институт 
210 |a Томск  |d 1968 
215 |a 8, [2], 17 с.  |c ил. 
320 |a Библиогр.: с. 8 
606 1 |a Усилители магнитные  |x Проектирование  |2 stltpush  |3 (RuTPU)RU\TPU\subj\63295  |9 80325 
610 1 |a коллекция ТПУ 
610 1 |a труды учёных ТПУ 
610 1 |a рекомендации 
610 1 |a схемы 
610 1 |a сердечники 
610 1 |a методы расчета 
610 1 |a оформление 
610 1 |a чертежи-схемы 
675 |a 621.375.3.001  |v 4 
701 1 |a Алейникова  |b Т. Ю. 
701 1 |a Майер  |b А. К.  |c специалист в области автоматики, радиоэлектронной аппаратуры и немецкого языка  |c доцент Томского политехнического института, кандидат технических наук  |c заместитель директора русско-немецкого центра Томского политехнического университета  |g Артур Карлович  |y Томск  |f 1941-  |9 12565 
701 1 |a Гольдштейн  |b Е. И.  |c специалист в области электроэнергетики  |c доцент Томского политехнического университета  |f 1929-  |g Ефрем Иосифович  |3 (RuTPU)RU\TPU\pers\25325  |9 11307 
701 1 |a Полищук  |b А. П.  |g Анатолий Пантелеевич 
712 0 2 |a Томский политехнический институт  |c (1944-1991)  |3 (RuTPU)RU\TPU\col\1123  |9 23521 
801 1 |a RU  |b 63413507  |c 20200525 
942 |c BK